000 01704nam0a2200313 4500
001 RU\NLR\BIBL_A\011362986
005 20250626052633.0
010 _a5-8192-0078-0
_9500
035 _a(NLR Aleph) 011362986
090 _a11308407
_c11308407
100 _a20170407d2002 |||y0rusy50 ca
101 0 _arus
102 _aRU
105 _aa j 000zy
200 1 _aОсновные технологические процессы реставрации документов
_eучебное пособие
_fСанкт-Петербургский международный центр культурного наследия, Российская национальная библиотека
_g[авторы и составители: С.А. Добрусина и др.]
210 _aСанкт-Петербург
_c[б. и.]
_d2002
215 _a65 с.
_cил.
_d21
320 _aБиблиогр.: с. 64-65 (23 назв.)
606 1 _aБиблиотечные фонды
_jУчебные издания
_xРеставрация
_92246004
_3RU\NLR\AUTH\661347442
606 1 _aАрхивные документы
_jУчебные издания
_xРеставрация
_92324142
_3RU\NLR\AUTH\6601614861
686 1 _aЧ736.165я7
686 1 _aЧ811.465я7
702 1 _4220
_7ca
_8rus
_aДобрусина
_bС. А.
_f1948-
_gСветлана Александровна
_9168736
_3RU\NLR\AUTH\770168786
712 0 2 _4570
_aСанкт-Петербургский международный центр культурного наследия
_9555398
_3RU\NLR\AUTH\880445892
942 _cBOOK
980 _aNB